| 000 | 00787nam a22002292 4500 | ||
|---|---|---|---|
| 001 | 0000019384 | ||
| 005 | 20151021151133.0 | ||
| 008 | 101112s xx 000 0 eng d | ||
| 020 | _a0470810821 : | ||
| 040 |
_aKABU _cKABU |
||
| 100 | 1 |
_aSchaper, Michael. _@0000179072 |
|
| 245 | 1 | 0 |
_aEntrepreneurship and small business / _cMichael Schaper, Thierry Volery. |
| 250 | _a2nd Pacific Rim ed. | ||
| 260 |
_aMilton Qld, England : _bJ. Wiley, _c2007. |
||
| 300 | _axiii, 482 p. | ||
| 650 | 0 |
_aSmall business _xManagement _zPacific area. _@0000179073 |
|
| 650 | 0 |
_aEntrepreneurship _xManagement. _zPacific area. _@0000179074 |
|
| 700 | 1 |
_aVolerry, Thierry. _@0000179075 |
|
| 852 | 1 | _9p5070 KES | |
| 908 | _a101112 | ||
| 950 | _@1 | ||
| 999 |
_c1079 _d1079 |
||